[Event "Recklinghausen-Süd 1-Essen-Katernberg 3"]
[Site "Verbandsliga - Gruppe 2 2018/"]
[Date "2019.02.03"]
[Round "6.1"]
[White "Rosen, Willy"]
[Black "Beckmann, Klaus"]
[Result "0-1"]
[WhiteElo "2084"]
[BlackElo "2121"]
[PlyCount "138"]
[EventDate "2019.??.??"]

1. e4 c5 2. Nc3 e6 3. f4 d5 4. exd5 exd5 5. Bb5+ Nc6 6. Bxc6+ bxc6 7. d3 Be7 8.
Nf3 Nh6 9. O-O O-O 10. Bd2 Bd6 11. Ne2 Re8 12. Ng3 c4 13. d4 Qc7 14. Qc1 f6 15.
Nh4 c5 16. c3 cxd4 17. cxd4 Qb6 18. Bc3 Bd7 19. Qd2 Re7 20. Rae1 Rae8 21. Rxe7
Rxe7 22. Rf2 Qb8 23. Rf1 Re8 24. Rf2 Qd8 25. Re2 Rxe2 26. Nxe2 Bg4 27. Nc1 Qe7
28. g3 Nf5 29. Nxf5 Bxf5 30. Kf2 Qd7 31. Ne2 Be4 32. Ng1 Qf5 33. Qc1 Bc7 34.
Bd2 Bb6 35. Qc3 Qh5 36. h3 Qd1 37. Be3 h6 38. Qe1 Qa4 39. a3 Kh7 40. Qd2 Ba5
41. Qc1 Bd3 42. Ne2 Qd7 43. Ng1 g5 44. Bd2 Bb6 45. Qc3 Qf5 46. Be3 Qe4 47. Nf3
Bf1 48. fxg5 hxg5 49. Nxg5+ fxg5 50. Kxf1 Qh1+ 51. Bg1 Qxh3+ 52. Ke1 Bc7 53.
Bf2 Qe6+ 54. Kd1 Qe4 55. Qc2 Qxc2+ 56. Kxc2 g4 57. b3 cxb3+ 58. Kxb3 Bd6 59.
Ka4 a6 60. Ka5 Bxa3 61. Kxa6 Kg6 62. Kb5 Kf5 63. Kc6 Ke4 64. Bg1 Bc1 65. Kd6
Bd2 66. Ke6 Be1 67. Kf6 Bxg3 68. Kg5 Kf3 69. Kf5 Bf4 0-1

[Event "Recklinghausen-Süd 1-Essen-Katernberg 3"]
[Site "Verbandsliga - Gruppe 2 2018/"]
[Date "2019.02.03"]
[Round "6.2"]
[White "Callenberg, Ralf"]
[Black "Krüger, Erich"]
[Result "0-1"]
[WhiteElo "1996"]
[BlackElo "2018"]
[PlyCount "82"]
[EventDate "2019.??.??"]

1. c4 Nf6 2. g3 g6 3. Bg2 Bg7 4. Nc3 O-O 5. e4 d6 6. Nge2 c5 7. O-O Nc6 8. d3
a6 9. h3 Rb8 10. f4 Bd7 11. g4 b5 12. Ng3 bxc4 13. g5 Ne8 14. dxc4 Qc8 15. f5
Be5 16. Qd3 Nb4 17. Qf3 Nc7 18. Rb1 Nc2 19. Nce2 Nd4 20. Nxd4 Bxd4+ 21. Kh1 e5
22. f6 Bxh3 23. Nf5 Bxg2+ 24. Kxg2 gxf5 25. exf5 Qb7 26. Rh1 Qxf3+ 27. Kxf3 d5
28. Rh4 e4+ 29. Kg4 dxc4 30. Bf4 Rxb2 31. Rxb2 Bxb2 32. Bxc7 c3 33. Rh2 Re8 34.
Re2 Bc1 35. Ba5 Bd2 36. Kh5 Re5 37. Bc7 Re8 38. Ba5 e3 39. Kh6 Re4 40. Kh5 Kf8
41. Bb6 Re5 0-1

[Event "Recklinghausen-Süd 1-Essen-Katernberg 3"]
[Site "Verbandsliga - Gruppe 2 2018/"]
[Date "2019.02.03"]
[Round "6.3"]
[White "Nautsch, Werner"]
[Black "Höfker, Mathias"]
[Result "0-1"]
[WhiteElo "2020"]
[BlackElo "2078"]
[PlyCount "106"]
[EventDate "2019.??.??"]

1. c4 Nf6 2. Nc3 e6 3. g3 d5 4. Bg2 d4 5. Ne4 Nxe4 6. Bxe4 Nd7 7. d3 Bb4+ 8.
Bd2 Bxd2+ 9. Qxd2 O-O 10. e3 Nc5 11. exd4 Qxd4 12. Ne2 Nxe4 13. Nxd4 Nxd2 14.
Kxd2 c5 15. Nc2 Bd7 16. Kc3 Rfd8 17. Rhe1 Bc6 18. b4 cxb4+ 19. Nxb4 Ba4 20. Re5
b6 21. d4 Rac8 22. Nd3 Bc6 23. a4 Bd5 24. Nb2 a5 25. Kb3 Bf3 26. Re3 Bb7 27.
Rd1 Rd7 28. Re5 Bc6 29. d5 exd5 30. cxd5 f6 31. dxc6 Rxd1 32. Rb5 Rc1 33. Rxb6
R1xc6 34. Rb5 Rc3+ 35. Ka2 R8c5 36. Rb7 Rc2 37. Kb1 Rxf2 38. Nd3 Rf1+ 39. Kb2
Rc4 40. Rb8+ Kf7 41. Rb7+ Kg6 42. Nf4+ Rfxf4 43. gxf4 Rxf4 44. Kb3 Rf3+ 45. Kb2
Rf2+ 46. Kb3 Rxh2 47. Kc4 Ra2 48. Kb3 Re2 49. Kc4 Re4+ 50. Kb3 h5 51. Rb5 Re5
52. Kc4 h4 53. Rb3 Kf5 0-1

[Event "Recklinghausen-Süd 1-Essen-Katernberg 3"]
[Site "Verbandsliga - Gruppe 2 2018/"]
[Date "2019.02.03"]
[Round "6.4"]
[White "Herud, Martin"]
[Black "Geerlings, Gerd"]
[Result "1-0"]
[WhiteElo "2008"]
[BlackElo "2024"]
[PlyCount "51"]
[EventDate "2019.??.??"]

1. e4 c5 2. Nf3 d6 3. d4 cxd4 4. Nxd4 Nf6 5. Nc3 a6 6. Bc4 e6 7. Bb3 Nc6 8. Be3
Bd7 9. Qf3 Rc8 10. Qg3 b5 11. a3 Ne5 12. f4 Nc4 13. e5 Nh5 14. Qf3 Nxe3 15.
Qxe3 dxe5 16. fxe5 Bc5 17. O-O-O Qh4 18. g3 Qg4 19. Nce2 Qg6 20. Kb1 Bc6 21.
Rhg1 Qg4 22. Qd2 Rd8 23. Qc3 Bxd4 24. Qxc6+ Ke7 25. Rxd4 Rxd4 26. Qc5+ 1-0

[Event "Recklinghausen-Süd 1-Essen-Katernberg 3"]
[Site "Verbandsliga - Gruppe 2 2018/"]
[Date "2019.02.03"]
[Round "6.5"]
[White "Riesenbeck, JÃ¼rgen"]
[Black "Mecklenburg, Roland"]
[Result "0-1"]
[WhiteElo "2008"]
[BlackElo "1983"]
[PlyCount "122"]
[EventDate "2019.??.??"]

1. d4 d5 2. Bf4 c5 3. e3 Nc6 4. Bb5 Qb6 5. Nc3 e6 6. Nf3 Bd7 7. O-O Nf6 8. a3
a6 9. Bxc6 Bxc6 10. dxc5 Bxc5 11. b4 Be7 12. Nd4 Rc8 13. Qd3 Ne4 14. b5 axb5
15. Ncxb5 O-O 16. Rfb1 Qa5 17. a4 Bf6 18. Nd6 Nxd6 19. Bxd6 Rfd8 20. Bb4 Qa8
21. Ra2 Qb8 22. Qa3 Qe5 23. Be7 Rd7 24. Bxf6 Qxf6 25. Rab2 Rdc7 26. h3 e5 27.
Nxc6 Rxc6 28. Rxb7 Rxc2 29. Rf1 g6 30. Qb3 d4 31. Rb8 Rxb8 32. Qxb8+ Kg7 33.
exd4 exd4 34. Qg3 h5 35. a5 Ra2 36. Qc7 d3 37. a6 Rxa6 38. Qc4 Rd6 39. Rd1 Qd4
40. Qxd4+ Rxd4 41. g3 g5 42. Kg2 g4 43. hxg4 hxg4 44. f3 d2 45. fxg4 Kg6 46.
Kf3 Kg5 47. Ke3 Rd7 48. Kf3 Rd6 49. Ke2 Kxg4 50. Kf2 f5 51. Kg2 Rd7 52. Kf2 Rd8
53. Kg2 Rd3 54. Kf2 Rf3+ 55. Ke2 Kxg3 56. Kxd2 Kf2 57. Rh1 Rg3 58. Rh2+ Rg2 59.
Rh5 f4 60. Rf5 f3 61. Ra5 Kg1+ 0-1

[Event "Recklinghausen-Süd 1-Essen-Katernberg 3"]
[Site "Verbandsliga - Gruppe 2 2018/"]
[Date "2019.02.03"]
[Round "6.6"]
[White "Hajra, Hetem"]
[Black "Stremmel, Ralf"]
[Result "0-1"]
[WhiteElo "1937"]
[BlackElo "2035"]
[PlyCount "27"]
[EventDate "2019.??.??"]

1. e4 d5 2. exd5 Nf6 3. c4 c6 4. dxc6 Nxc6 5. Nf3 e5 6. d3 Bf5 7. a3 e4 8. Nh4
Be6 9. dxe4 Qxd1+ 10. Kxd1 O-O-O+ 11. Ke1 Nd4 12. Ra2 Nc2+ 13. Ke2 Bxc4+ 14.
Kf3 0-1

[Event "Recklinghausen-Süd 1-Essen-Katernberg 3"]
[Site "Verbandsliga - Gruppe 2 2018/"]
[Date "2019.02.03"]
[Round "6.7"]
[White "Sauer, Bernd"]
[Black "Parado, Dominador"]
[Result "1-0"]
[WhiteElo "1919"]
[BlackElo "1905"]
[PlyCount "65"]
[EventDate "2019.??.??"]

1. d4 Nf6 2. c4 g6 3. Nc3 Bg7 4. e4 d6 5. f4 O-O 6. Be2 c5 7. d5 b5 8. cxb5 a6
9. bxa6 Qa5 10. Bd2 Bxa6 11. Nf3 Qb6 12. O-O c4+ 13. Kh1 Ng4 14. Qe1 Qxb2 15.
Rb1 Qa3 16. h3 Nh6 17. g4 f5 18. Ng5 Rc8 19. Ne6 fxe4 20. Nxg7 Kxg7 21. f5 Ng8
22. fxg6 hxg6 23. Qf2 Nd7 24. Qf7+ Kh8 25. Qxg6 Rf8 26. Qh5+ Kg7 27. Nxe4 Ndf6
28. Qg5+ Kh8 29. Qh4+ Kg7 30. Bc3 Qxa2 31. Rb2 Qa3 32. Ng5 Bc8 33. Qh7# 1-0

[Event "Recklinghausen-Süd 1-Essen-Katernberg 3"]
[Site "Verbandsliga - Gruppe 2 2018/"]
[Date "2019.02.03"]
[Round "6.8"]
[White "Stahlhofen, Thomas"]
[Black "ArmbrÃ¼ster, JÃ¼rgen"]
[Result "1/2-1/2"]
[WhiteElo "1800"]
[BlackElo "1849"]
[PlyCount "99"]
[EventDate "2019.??.??"]

1. e4 e5 2. Nf3 Nf6 3. Nxe5 d6 4. Nf3 Nxe4 5. d4 d5 6. Bd3 Nc6 7. Nbd2 Nf6 8.
O-O Be7 9. Re1 Bg4 10. c3 O-O 11. Nf1 Re8 12. h3 Bh5 13. Ng3 Bg6 14. Bb5 Nd7
15. Qa4 Nb6 16. Qd1 Bf6 17. Bf4 Rxe1+ 18. Qxe1 Ne7 19. Ne5 c6 20. Bf1 Nd7 21.
Nxg6 Nxg6 22. Be3 Bg5 23. Qd2 Bxe3 24. Qxe3 Nf6 25. Bd3 Qc7 26. Re1 Re8 27. Qd2
Rxe1+ 28. Qxe1 Nf4 29. Bc2 Ne6 30. Qe3 Qf4 31. Nf5 Qxe3 32. fxe3 Kf8 33. Nd6
Nd8 34. Kf2 g6 35. e4 dxe4 36. Nxe4 Ke7 37. g4 h6 38. Kf3 Ne6 39. Nxf6 Kxf6 40.
h4 Nc7 41. c4 Ne6 42. Ke4 Nf8 43. d5 cxd5+ 44. cxd5 Nd7 45. Kd4 Ke7 46. g5 hxg5
47. hxg5 Kd6 48. b4 b6 49. Kc4 a6 50. a4 1/2-1/2

[Event "SG Gladbeck 1 - SV Bönen 1"]
[Site "Verbandsliga - Gruppe 2 2018/"]
[Date "2019.02.03"]
[Round "6.1"]
[White "Lenz, Guntram"]
[Black "Hassenrueck, Helmut"]
[Result "1/2-1/2"]
[WhiteElo "1858"]
[BlackElo "2093"]
[PlyCount "88"]
[EventDate "2019.??.??"]

1. d4 Nf6 2. c4 e6 3. Nc3 Bb4 4. e3 O-O 5. Nge2 c6 6. a3 Ba5 7. b4 Bc7 8. Ng3
d5 9. Be2 Nbd7 10. O-O dxc4 11. Bxc4 e5 12. Bb2 Nb6 13. Bb3 exd4 14. Qxd4 Qxd4
15. exd4 Nbd5 16. Rfe1 Be6 17. Nce4 Nxe4 18. Nxe4 Rae8 19. Nc5 Bc8 20. Nd3 Bf5
21. Ne5 f6 22. Nf3 Kh8 23. g3 Be4 24. Nd2 Bg6 25. Rac1 Rxe1+ 26. Rxe1 Re8 27.
Rxe8+ Bxe8 28. Bc2 Bg6 29. Ne4 Kg8 30. Kf1 Kf8 31. Ke2 Ke7 32. Bd3 b6 33. Kd2
h6 34. Ke2 Bh5+ 35. f3 g5 36. Nc3 Nxc3+ 37. Bxc3 Bf7 38. Ke3 Bd5 39. Bf5 Be6
40. Ke4 Bb3 41. Ke3 Bd5 42. Bd2 h5 43. f4 Bd6 44. Kd3 gxf4 1/2-1/2

[Event "SG Gladbeck 1 - SV Bönen 1"]
[Site "Verbandsliga - Gruppe 2 2018/"]
[Date "2019.02.03"]
[Round "6.2"]
[White "Frohne, Gerd"]
[Black "Fuest, Torsten"]
[Result "1/2-1/2"]
[WhiteElo "2046"]
[BlackElo "1871"]
[PlyCount "121"]
[EventDate "2019.??.??"]

1. d4 Nf6 2. Bf4 g6 3. Nc3 d5 4. e3 Bg7 5. h4 b6 6. Be2 h5 7. Nf3 Bb7 8. Ne5
Nfd7 9. Bf3 Nxe5 10. dxe5 e6 11. e4 d4 12. Ne2 Nc6 13. Qd3 Bxe5 14. Bxe5 Nxe5
15. Qb5+ Nc6 16. e5 Qd7 17. O-O-O O-O-O 18. Bxc6 Qxc6 19. Qxc6 Bxc6 20. f3 Rd5
21. Nxd4 Bb7 22. Rhe1 Rhd8 23. Nb3 c5 24. c4 Rxd1+ 25. Rxd1 Ba6 26. Rxd8+ Kxd8
27. Nd2 Bb7 28. Kc2 Ke7 29. Kd3 f6 30. exf6+ Kxf6 31. Ke3 Kf5 32. g3 Bc6 33.
Nb3 e5 34. Nd2 Bb7 35. Nf1 g5 36. Nh2 gxh4 37. gxh4 Ba6 38. b3 Bb7 39. Nf1 Kg6
40. Ng3 Bc6 41. f4 exf4+ 42. Kxf4 Bd7 43. Ke5 Bg4 44. Ne4 Bf5 45. Nc3 Bc2 46.
Ke6 a5 47. Nd5 Bb1 48. a3 Ba2 49. Nxb6 Bxb3 50. Ke5 Ba2 51. Kd5 Kf5 52. Kxc5
Kg4 53. Nd5 Kxh4 54. Nf6 Kg5 55. Nxh5 Kxh5 56. Kb5 Kg5 57. c5 Kf6 58. Kxa5 Ke7
59. a4 Kd7 60. Kb6 Bd5 61. a5 1/2-1/2

[Event "SG Gladbeck 1 - SV Bönen 1"]
[Site "Verbandsliga - Gruppe 2 2018/"]
[Date "2019.02.03"]
[Round "6.3"]
[White "Merz, Martin"]
[Black "Berg, Dietmar"]
[Result "1/2-1/2"]
[WhiteElo "2014"]
[BlackElo "1965"]
[PlyCount "33"]
[EventDate "2019.??.??"]

1. e4 c5 2. Nf3 d6 3. Bb5+ Bd7 4. Bxd7+ Qxd7 5. O-O Nc6 6. b3 Nf6 7. Re1 g6 8.
Bb2 Bg7 9. d3 O-O 10. Nbd2 Qg4 11. Nf1 Rad8 12. a4 Rfe8 13. Rb1 Bh8 14. Qd2 Bg7
15. h3 Qc8 16. Ne3 b6 17. Ba1 1/2-1/2

[Event "SG Gladbeck 1 - SV Bönen 1"]
[Site "Verbandsliga - Gruppe 2 2018/"]
[Date "2019.02.03"]
[Round "6.4"]
[White "Holtkamp, Matthias"]
[Black "Helmert, Jochen"]
[Result "1-0"]
[WhiteElo "1918"]
[BlackElo "1900"]
[PlyCount "113"]
[EventDate "2019.??.??"]

1. d4 Nf6 2. c4 e6 3. Nf3 Bb4+ 4. Bd2 Qe7 5. g3 Ne4 6. Bg2 O-O 7. O-O Bxd2 8.
Nbxd2 Nxd2 9. Qxd2 a5 10. Rac1 d6 11. Rc3 Nd7 12. Rfc1 e5 13. Ra3 exd4 14. Nxd4
Qe5 15. Nb5 Qc5 16. b4 Qb6 17. bxa5 Qc5 18. Rd3 Nf6 19. a3 Bf5 20. Rd4 Rab8 21.
h3 Bd7 22. a4 Rfe8 23. e3 Re7 24. Qb2 Bc6 25. Rb1 h6 26. Nc3 Bxg2 27. Kxg2 Qxa5
28. Nd5 Nxd5 29. cxd5 b6 30. Rc1 Rbe8 31. Qc2 Qa8 32. Qd3 Qc8 33. Rdc4 Qa6 34.
Qc2 Qb7 35. Rd1 Qa7 36. g4 g6 37. Rdd4 Qb7 38. Kg3 Ra8 39. Rc6 Ra5 40. Qb3 Qa6
41. Rc1 Qa8 42. e4 Qa7 43. Rb4 b5 44. Ra1 Qc5 45. Qb2 Re8 46. Rxb5 Rxb5 47.
axb5 Qc4 48. f3 Qd3 49. Kg2 Qe3 50. Qc2 h5 51. Ra2 hxg4 52. hxg4 Qb6 53. Qc6
Qb8 54. Rc2 Re7 55. Ra2 Re8 56. Ra1 Kg7 57. Rh1 1-0

[Event "SG Gladbeck 1 - SV Bönen 1"]
[Site "Verbandsliga - Gruppe 2 2018/"]
[Date "2019.02.03"]
[Round "6.5"]
[White "Schoetz, Hans-Joachim"]
[Black "Rickert, Stefan"]
[Result "1-0"]
[WhiteElo "1883"]
[BlackElo "1903"]
[PlyCount "47"]
[EventDate "2019.??.??"]

1. e4 c5 2. Nf3 d6 3. d4 cxd4 4. Nxd4 Nf6 5. Nc3 g6 6. f3 Bg7 7. Be3 a6 8. Qd2
Nc6 9. g4 Qc7 10. O-O-O O-O 11. h4 Nxd4 12. Bxd4 Be6 13. h5 Rfd8 14. hxg6 hxg6
15. Nd5 Bxd5 16. exd5 Rac8 17. Bd3 Qd7 18. Kb1 Qa4 19. c3 Qa5 20. Rde1 Kf8 21.
Be4 Ke8 22. Qe3 Rd7 23. g5 Nxe4 24. Bxg7 1-0

[Event "SG Gladbeck 1 - SV Bönen 1"]
[Site "Verbandsliga - Gruppe 2 2018/"]
[Date "2019.02.03"]
[Round "6.6"]
[White "Kucheyda, Joerg"]
[Black "Moenkemeyer, Maik"]
[Result "0-1"]
[WhiteElo "1945"]
[BlackElo "1739"]
[PlyCount "68"]
[EventDate "2019.??.??"]

1. d4 d5 2. Bf4 Nf6 3. e3 Bf5 4. c4 c6 5. Qb3 Qb6 6. Nc3 e6 7. c5 Qxb3 8. axb3
Nbd7 9. b4 Nh5 10. Bc7 Rc8 11. Be5 a6 12. Be2 Nhf6 13. Bg3 h5 14. h3 Ne4 15.
Nf3 Nxg3 16. fxg3 Be7 17. Nd2 e5 18. O-O Bg6 19. Nb3 Bg5 20. Kf2 h4 21. g4 O-O
22. Na5 Rc7 23. Ra3 f5 24. Ke1 f4 25. Nxb7 Rxb7 26. Rxa6 fxe3 27. Nxd5 exd4 28.
Rxc6 Rxf1+ 29. Bxf1 Ne5 30. Rc8+ Kh7 31. Ba6 Rf7 32. Rc7 Rf2 33. Ne7 Nd3+ 34.
Kd1 Rd2# 0-1

[Event "SG Gladbeck 1 - SV Bönen 1"]
[Site "Verbandsliga - Gruppe 2 2018/"]
[Date "2019.02.03"]
[Round "6.7"]
[White "Wegner, Stephan"]
[Black "Wenzel, Martin"]
[Result "0-1"]
[WhiteElo "1700"]
[BlackElo "1943"]
[PlyCount "120"]
[EventDate "2019.??.??"]

1. e4 c6 2. d4 d5 3. exd5 cxd5 4. c4 Nf6 5. Nc3 g6 6. Nf3 Bg7 7. Be3 O-O 8. Be2
dxc4 9. Bxc4 b6 10. O-O Bb7 11. Qe2 e6 12. Rfd1 Nd5 13. Nxd5 Bxd5 14. Rac1 Nc6
15. Bxd5 Qxd5 16. Qc4 Qxc4 17. Rxc4 Ne7 18. Ne5 Rfc8 19. Rdc1 Rxc4 20. Rxc4 Rc8
21. Rxc8+ Nxc8 22. Nc6 Kf8 23. Bf4 Ke8 24. Be5 f6 25. Bg3 a5 26. a4 Bf8 27. Kf1
Bd6 28. Bxd6 Nxd6 29. b4 Kd7 30. b5 Nc4 31. Ke2 e5 32. Kd3 Nb2+ 33. Kc2 Nxa4
34. Kb3 exd4 35. Kxa4 d3 36. Kb3 Kd6 37. Kc3 Kc5 38. Kxd3 Kxb5 39. Nd4+ Kb4 40.
Nc2+ Kb3 41. Nd4+ Kb4 42. Nc2+ Kc5 43. Kc3 b5 44. Kb3 f5 45. h4 f4 46. g4 fxg3
47. fxg3 Kd5 48. Na3 a4+ 49. Kb4 Ke4 50. Nxb5 Kf3 51. h5 gxh5 52. Nd4+ Kxg3 53.
Nf5+ Kg4 54. Ne3+ Kf3 55. Nd5 Kg3 56. Nf6 h4 57. Ne4+ Kf4 58. Nf2 Kf3 59. Nh3
Kg3 60. Ng1 h3 0-1

[Event "SG Gladbeck 1 - SV Bönen 1"]
[Site "Verbandsliga - Gruppe 2 2018/"]
[Date "2019.02.03"]
[Round "6.8"]
[White "Winzbeck, Frank"]
[Black "Nielinger, Marco"]
[Result "1-0"]
[WhiteElo "1877"]
[BlackElo "1741"]
[PlyCount "67"]
[EventDate "2019.??.??"]

1. d4 Nf6 2. c4 g6 3. Nc3 Bg7 4. e4 O-O 5. e5 Ne8 6. f4 d6 7. Nf3 dxe5 8. fxe5
f6 9. Bf4 Nc6 10. e6 Nd6 11. d5 Ne5 12. Bxe5 fxe5 13. Qe2 c6 14. Nxe5 Qb6 15.
O-O-O Bxe5 16. Qxe5 Rf2 17. b3 Qb4 18. Rd2 Rf5 19. Qe3 b5 20. g4 Rf6 21. g5 Rf8
22. cxb5 cxd5 23. Nxd5 Qa3+ 24. Kb1 Nf5 25. Qe5 Bb7 26. Bg2 Rfd8 27. Rhd1 Bxd5
28. Bxd5 Qc5 29. Qe2 Rac8 30. Bc6 Nd4 31. Qe3 Qf5+ 32. Be4 Qxe6 33. Rxd4 Rxd4
34. Qxd4 1-0

[Event "Rochade Steele/Kray 2 - SG Mengede 1"]
[Site "Verbandsklasse - Gruppe 1 201"]
[Date "2019.02.03"]
[Round "6.1"]
[White "Pauling, Markus"]
[Black "Ghajar Koshravi, Ariaan"]
[Result "1-0"]
[WhiteElo "2182"]
[BlackElo "1835"]
[PlyCount "119"]
[EventDate "2019.??.??"]

1. e4 d6 2. f4 g6 3. Nc3 Bg7 4. Nf3 Nf6 5. g3 Bg4 6. h3 Bxf3 7. Qxf3 Nc6 8. d3
Qd7 9. Bg2 Nd4 10. Qf2 e5 11. Be3 c5 12. O-O O-O 13. fxe5 dxe5 14. Bg5 Ne8 15.
Nd5 f6 16. Be3 Nc7 17. c3 Nxd5 18. exd5 Nf5 19. Bxc5 Rfc8 20. c4 Nxg3 21. Rfe1
b6 22. Bxb6 axb6 23. Qxg3 b5 24. b3 Ra3 25. Qf2 f5 26. Rac1 bxc4 27. dxc4 e4
28. Red1 Rca8 29. Rc2 Be5 30. c5 Rd8 31. Qd2 Qa7 32. Kh1 Ra5 33. b4 Ra3 34. d6
Rd3 35. Qe2 Qa3 36. Rxd3 Qxd3 37. Qxd3 exd3 38. Rd2 Bc3 39. Rxd3 Bxb4 40. Rd5
Kf7 41. Bf1 Ke6 42. Bc4 Kd7 43. Bb5+ Ke6 44. Bc6 Bxc5 45. Rxc5 Rxd6 46. Rc2 Rd3
47. Kg2 Ra3 48. Bb5 g5 49. Bc4+ Ke5 50. Re2+ Kf4 51. Bb3 g4 52. h4 g3 53. Rc2
Kg4 54. Rc3 Kxh4 55. Rxg3 h5 56. Kf3 Ra5 57. Rg1 Rb5 58. Bf7 Rb7 59. Rh1+ Kg5
60. Rxh5+ 1-0

[Event "Rochade Steele/Kray 2 - SG Mengede 1"]
[Site "Verbandsklasse - Gruppe 1 201"]
[Date "2019.02.03"]
[Round "6.2"]
[White "Ophoven, Hermann"]
[Black "Borgschulze, Maik"]
[Result "1/2-1/2"]
[WhiteElo "1718"]
[BlackElo "2134"]
[PlyCount "57"]
[EventDate "2019.??.??"]

1. c4 Nf6 2. Nc3 e5 3. Nf3 Nc6 4. d4 exd4 5. Nxd4 Bb4 6. Bg5 h6 7. Bh4 Bxc3+ 8.
bxc3 O-O 9. f3 Re8 10. Qc2 Ne5 11. e4 Ng6 12. Bf2 d6 13. Qd2 Bd7 14. Be2 a6 15.
O-O Qe7 16. Rfe1 Rad8 17. Rab1 Bc8 18. Bf1 Qe5 19. Ne2 Qa5 20. Qc2 Qg5 21. Qc1
Qa5 22. Qc2 Re7 23. Nd4 Rde8 24. Qb2 Qh5 25. Qd2 Ne5 26. Bg3 c6 27. Nc2 Rd8 28.
Ne3 Ree8 29. Qc2 1/2-1/2

[Event "Rochade Steele/Kray 2 - SG Mengede 1"]
[Site "Verbandsklasse - Gruppe 1 201"]
[Date "2019.02.03"]
[Round "6.3"]
[White "Bork, Sophie"]
[Black "Hilse, Dieter"]
[Result "1-0"]
[WhiteElo "1895"]
[BlackElo "1678"]
[PlyCount "129"]
[EventDate "2019.??.??"]

1. e4 e5 2. Nf3 Nf6 3. d4 Nxe4 4. Bd3 d5 5. dxe5 Nc5 6. Be2 Be7 7. O-O O-O 8.
Be3 Bg4 9. h3 Bxf3 10. Bxf3 c6 11. Re1 Nbd7 12. Bd4 Ne6 13. Bg4 Nxd4 14. Qxd4
Qb6 15. Qxb6 Nxb6 16. Nd2 Kh8 17. c3 Rad8 18. Nb3 Nc4 19. Rab1 g6 20. e6 fxe6
21. Rxe6 Bd6 22. Be2 Nb6 23. Na5 Rf7 24. Re1 Na4 25. Rb1 Bc5 26. Bf3 Bb6 27.
Nb3 Rdd7 28. Re2 Rde7 29. Rbe1 Rxe2 30. Rxe2 Kg7 31. Nc1 Kf6 32. Nd3 Re7 33.
Rxe7 Kxe7 34. Bd1 Nc5 35. Nxc5 Bxc5 36. Kf1 g5 37. Bg4 Bd6 38. Ke2 Kf6 39. Bc8
b6 40. Bb7 c5 41. Bxd5 Ke5 42. Bc4 h6 43. Ke3 Kf5 44. Bd3+ Ke5 45. g3 Kd5 46.
b3 Ke5 47. f4+ Kf6 48. Be2 gxf4+ 49. gxf4 Be7 50. Ke4 Ke6 51. Bg4+ Kd6 52. Kf5
Bh4 53. Kg6 Be1 54. c4 Bd2 55. f5 Ke7 56. f6+ Kf8 57. Be6 Bg5 58. Bd5 Be3 59.
Kf5 a6 60. Bb7 a5 61. Bd5 Bg5 62. Ke6 Ke8 63. f7+ Kf8 64. Kd7 Be7 65. Kc7 1-0

[Event "Rochade Steele/Kray 2 - SG Mengede 1"]
[Site "Verbandsklasse - Gruppe 1 201"]
[Date "2019.02.03"]
[Round "6.4"]
[White "Niemann, Walter"]
[Black "Weinert, Christian"]
[Result "0-1"]
[WhiteElo "1714"]
[BlackElo "1979"]
[PlyCount "60"]
[EventDate "2019.??.??"]

1. d4 Nf6 2. c4 g6 3. Nc3 d5 4. Bg5 Ne4 5. Nxe4 dxe4 6. e3 Bg7 7. Qc2 f5 8.
Qa4+ c6 9. h4 Nd7 10. Ne2 h6 11. Bf4 O-O 12. Nc3 e5 13. dxe5 Nxe5 14. Rd1 Qe7
15. Be2 Be6 16. Rd4 Kh7 17. g4 Nf3+ 18. Bxf3 Bxd4 19. Be2 Bg7 20. g5 h5 21. Rg1
a6 22. Qa5 b5 23. Bxh5 gxh5 24. g6+ Kg8 25. Rg5 Bxc4 26. b3 Bd3 27. a3 Qc5 28.
Ne2 Rad8 29. Rxh5 Bxe2 30. Rh7 Qc1+ 0-1

[Event "Rochade Steele/Kray 2 - SG Mengede 1"]
[Site "Verbandsklasse - Gruppe 1 201"]
[Date "2019.02.03"]
[Round "6.6"]
[White "Kleeberg, Stefan"]
[Black "Kraus, Reinhard"]
[Result "0-1"]
[WhiteElo "1554"]
[BlackElo "1798"]
[PlyCount "86"]
[EventDate "2019.??.??"]

1. d4 Nf6 2. c4 c5 3. e3 e6 4. Nc3 cxd4 5. exd4 Nc6 6. Nf3 d5 7. a3 h6 8. Bf4
a6 9. c5 b5 10. b4 Ne4 11. Qc2 f5 12. Be5 Nxe5 13. Nxe5 Qg5 14. h4 Qf6 15. Ne2
f4 16. f3 Ng3 17. Nxg3 fxg3 18. Bd3 g5 19. hxg5 Qxg5 20. Bg6+ Ke7 21. c6 Qe3+
22. Kf1 Qxd4 23. Re1 Bg7 24. Nf7 Rf8 25. Nxh6 Bxh6 26. Rxh6 Qc4+ 27. Qxc4 bxc4
28. Rh7+ Kd6 29. Ke2 Kxc6 30. Kd2 Kd6 31. Ke3 e5 32. Kd2 Bd7 33. Rxd7+ Kxd7 34.
Rxe5 Kd6 35. Rg5 Rg8 36. f4 Raf8 37. f5 Ke5 38. Rxg3 d4 39. Rf3 Rf6 40. Ke2 Ke4
41. g3 d3+ 42. Kf2 d2 43. Re3+ Kd4 0-1

[Event "Rochade Steele/Kray 2 - SG Mengede 1"]
[Site "Verbandsklasse - Gruppe 1 201"]
[Date "2019.02.03"]
[Round "6.7"]
[White "Ewers, Christian"]
[Black "Peters, Guenter"]
[Result "1-0"]
[WhiteElo "1732"]
[BlackElo "1690"]
[PlyCount "61"]
[EventDate "2019.??.??"]

1. e4 c5 2. Nf3 Nc6 3. Nc3 d6 4. h3 Bd7 5. d4 cxd4 6. Nxd4 a6 7. g3 e6 8. Nde2
Nf6 9. Bg2 Be7 10. O-O O-O 11. Be3 b5 12. f4 Qc7 13. Rc1 Rac8 14. Qe1 Na5 15.
b3 Nc6 16. g4 b4 17. Na4 Rb8 18. Qf2 Bd8 19. c4 Ne7 20. Nb2 Ne8 21. Rfd1 Bc6
22. Nd4 e5 23. Nxc6 Qxc6 24. Na4 Ng6 25. c5 exf4 26. Bxf4 Bh4 27. Bg3 Bxg3 28.
Qxg3 Rc8 29. e5 Qb5 30. exd6 Nf6 31. c6 1-0

[Event "Rochade Steele/Kray 2 - SG Mengede 1"]
[Site "Verbandsklasse - Gruppe 1 201"]
[Date "2019.02.03"]
[Round "6.8"]
[White "Jahrke, Lothar"]
[Black "Wiktor, Reinhard"]
[Result "0-1"]
[WhiteElo "1743"]
[BlackElo "1760"]
[Annotator "Daniel"]
[PlyCount "77"]
[EventDate "2019.??.??"]

1. e4 d6 2. d4 g6 3. Nc3 Bg7 4. Bc4 e6 5. Nf3 h6 6. Be3 c6 7. Qe2 Ne7 8. O-O
Nd7 9. Rad1 d5 10. exd5 cxd5 11. Bb3 O-O 12. Bf4 a6 13. Qd2 Nf5 14. g4 Nh4 15.
Nxh4 Qxh4 16. f3 f5 17. g5 hxg5 18. Bxg5 Qh5 19. Qe3 Nf6 20. Ne2 Nh7 21. Be7
Rf7 22. Bd6 g5 23. c4 dxc4 24. Bxc4 Qg6 25. d5 f4 26. Qb6 g4 27. Nxf4 Rxf4 28.
Bxf4 gxf3+ 29. Bg3 Qc2 30. Qf2 Qxc4 31. Qxf3 Ng5 32. Qh5 Qc5+ 33. Kh1 Qc2 34.
Qxg5 e5 35. Rd2 Qe4+ 36. Kg1 Bh3 37. Re1 Rf8 38. Red1 Qf3 39. Bf2 {ZAo} 0-1

[Event "Horst-Emscher 2-Königsspringer Haltern "]
[Site "Verbandsklasse - Gruppe 1 201"]
[Date "2019.02.03"]
[Round "6.1"]
[White "Lautenschuetz, Ludger"]
[Black "Patzer, Joerg"]
[Result "1-0"]
[WhiteElo "1935"]
[BlackElo "1855"]
[Annotator "Daniel"]
[PlyCount "95"]
[EventDate "2019.??.??"]

1. d4 f5 2. g3 e6 3. Bg2 Nf6 4. c4 d5 5. Nf3 Be7 6. O-O O-O 7. b3 c6 8. Ba3
Bxa3 9. Nxa3 Qe7 10. Nc2 Bd7 11. Qd2 Be8 12. Qb4 Qxb4 13. Nxb4 Nbd7 14. Nd3 Ne4
15. Nfe5 Nxe5 16. Nxe5 Nf6 17. e3 Bh5 $11 18. Rfc1 Rad8 19. Rc2 Nd7 20. Nd3 g5
21. c5 f4 22. Rd2 fxe3 23. fxe3 Bg6 24. Nf2 e5 25. Bh3 exd4 26. exd4 Nf6 27.
Re1 Rfe8 28. Rde2 Rxe2 29. Rxe2 Re8 30. Rxe8+ Bxe8 31. Bc8 b6 32. b4 bxc5 33.
bxc5 Kf8 34. Bf5 h5 35. Nd3 Bd7 36. Bxd7 Nxd7 37. h4 gxh4 38. gxh4 Kf7 39. Kf2
Kf6 40. Kf3 Kf5 41. Nb4 Nb8 42. a3 a5 43. Nd3 Nd7 44. a4 Nf8 45. Ne5 Ng6 46.
Nxc6 Nxh4+ 47. Kg3 Kg5 48. Ne7 1-0

[Event "Horst-Emscher 2-Königsspringer Haltern "]
[Site "Verbandsklasse - Gruppe 1 201"]
[Date "2019.02.03"]
[Round "6.2"]
[White "Laake, Reinhard"]
[Black "Czarnik, Jozef"]
[Result "1-0"]
[WhiteElo "1844"]
[BlackElo "1887"]
[PlyCount "111"]
[EventDate "2019.??.??"]

1. e4 c5 2. Nf3 e6 3. d4 cxd4 4. Nxd4 a6 5. Bd3 Nf6 6. O-O Qc7 7. Qe2 d6 8. c4
Nc6 9. Nxc6 bxc6 10. Nc3 Be7 11. Be3 e5 12. h3 O-O 13. Rac1 Rb8 14. b3 Qa5 15.
Na4 Re8 16. c5 d5 17. f3 Qc7 18. Kh2 a5 19. Bd2 Be6 20. Qe1 dxe4 21. fxe4 Qd7
22. Bb1 Bd8 23. Rd1 Qa7 24. Bc3 Bc8 25. Qe3 Qc7 26. Nb6 Ba6 27. Rf2 a4 28. Nxa4
Be7 29. Rfd2 Bc8 30. Bc2 Bg4 31. Rf1 Red8 32. Rxf6 Rxd2 33. Qxd2 Bxf6 34. hxg4
Rd8 35. Qe2 Qd7 36. Nb6 Qa7 37. a4 Be7 38. b4 Bg5 39. a5 Qe7 40. g3 g6 41. Bb3
Kg7 42. Nc4 f6 43. Nd6 h5 44. gxh5 Rh8 45. Kg2 Qd7 46. Qd1 Kf8 47. Nc4 Qxd1 48.
Bxd1 gxh5 49. Kh3 h4 50. g4 Rh7 51. Ba4 Rc7 52. Nd6 Ke7 53. a6 Kd8 54. b5 cxb5
55. Ba5 bxa4 56. Bxc7+ 1-0